[Event "25th Troya Open 2017"]
[Site "Canakkale"]
[Date "2017.08.09"]
[Round "4.8"]
[White "Sahin, Handenur"]
[Black "Guseynov, Alihan"]
[Result "1-0"]
[WhiteElo "1910"]
[BlackElo "2399"]
[Annotator "TA"]
[PlyCount "85"]
[EventCountry "TUR"]
[SourceTitle "playchess.com"]
[Source "ChessBase"]
[SourceQuality "1"]

{[%evp 9,85,22,68,31,107,109,110,100,104,98,106,99,105,58,54,58,58,55,58,58,67,57,108,49,51,31,41,41,47,0,1,16,35,-27,56,64,60,54,133,127,225,170,156,81,213,215,258,213,286,278,353,334,341,340,321,315,320,298,320,317,312,293,531,511,776,660,856,862,853,778,844,593,548,583,552,550,683,681]} 1. e4 c5 2. c3 d6 3. d4 {[%cal Bd2d4,Bd4d5][%mdl 32]} Nf6 4. Bd3 Nc6 5. Ne2 e5 {[%cal Re5d4]} 6. O-O {B07: Pirc Defence: Miscellaneous Systems} (6. d5 Ne7 7. O-O Ng6 8. a4 Be7 9. Na3 O-O 10. Nc4 Nh5 11. Qc2 Nhf4 12. Nxf4 Nxf4 13. Bxf4 exf4 {½-½ (49) Antonio,R (2521)-Agrest,E (2574) Dos Hermanas 2003}) 6... Be7 (6... cxd4 $14 7. cxd4 exd4) 7. d5 $16 Nb8 {[%cal Bc6b8,Bb8d7,Bd7f8,Bf8g6,Bg6e5][%mdl 32]} 8. Nd2 {White is better.} O-O 9. a4 Nbd7 10. Nc4 $146 ({Predecessor:} 10. f4 exf4 11. Nf3 Ng4 12. Bxf4 Nge5 13. Nxe5 Nxe5 14. Bxe5 dxe5 {0-1 (32) Sargin,A-Huber,P (2120) Germany 1997}) 10... Re8 11. f4 exf4 12. Bxf4 Nf8 13. h3 Ng6 14. Bh2 Bf8 15. Qc2 Qc7 (15... Bd7 $14) 16. Rae1 ({Better is} 16. Rxf6 $16 gxf6 17. Ng3) 16... Nd7 $14 17. Nf4 {Strongly threatening Nxg6.} Nge5 18. Qf2 Nf6 19. Nxe5 dxe5 20. Bb5 $36 {[%mdl 2048] White fights for an advantage.} c4 {Hoping for ...Bc5.} 21. Qf3 (21. Kh1 $14) 21... Rd8 (21... Re7 $1 $11 22. d6 Qxd6) 22. Nh5 Nxh5 23. Qxh5 Bd6 {[#]} (23... f6 $14) 24. Bxc4 $1 $16 {[%mdl 512]} f5 ({Don't go for} 24... Qxc4 $2 25. Qxf7+ Kh8 26. Bxe5 $1 $18 {[%mdl 512]}) (24... Rf8 $16) 25. Qe2 f4 {[#]} 26. Kh1 (26. Bxf4 $142 $1 exf4 27. e5) 26... a6 {[#]} (26... Qf7 $16) 27. Bxf4 $1 $18 {[%mdl 512]} b5 (27... exf4 28. e5) 28. Ba2 {Black must now prevent Bxe5!} ({Less strong is} 28. Bg5 bxc4 29. Bxd8 Qxd8 $16) 28... Re8 29. Bg3 bxa4 30. Qh5 g6 31. Qh6 Qg7 32. Qe3 Rb8 33. Re2 Bd7 34. Ref2 Rf8 35. Qe2 Bb5 $2 (35... Rxf2 {was worth a try.} 36. Rxf2 (36. Bxf2 Qe7 $18) 36... Ra8) 36. c4 {[%cal Bc3c4,Bc4c5][%mdl 32] White is clearly winning.} Bd7 {[#]} (36... Rxf2 $142 37. Bxf2 Be8) 37. c5 $1 {[%mdl 512]} Bb5 (37... Bxc5 38. d6+) 38. Rxf8+ Rxf8 39. Rxf8+ Qxf8 40. Qf2 Qxf2 41. Bxf2 Bb8 42. d6+ Kf8 43. Bd5 {Precision: White = 58%, Black = 45%.} 1-0

[Event "25th Troya Open 2017"]
[Site "Canakkale"]
[Date "2017.08.09"]
[Round "4.9"]
[White "Konusoglu, Kemal Safa"]
[Black "Cakin, Ahmet Burak"]
[Result "1-0"]
[WhiteElo "1555"]
[BlackElo "1653"]
[Annotator "NA RC"]
[PlyCount "121"]
[EventCountry "TUR"]
[SourceTitle "playchess.com"]
[Source "ChessBase"]
[SourceQuality "1"]
[TimeControl "5400+30"]

1. d4 {[%emt 0:00:30]} d5 {[%emt 0:01:00]} 2. Nf3 {[%emt 0:00:30]} Nf6 {[%emt 0:00:30]} 3. c4 {[%emt 0:00:30]} c6 {[%emt 0:00:30]} 4. Nc3 {[%emt 0:00:30]} e6 {[%emt 0:00:30]} 5. Bg5 {[%emt 0:00:30]} Nbd7 {[%emt 0:00:30]} 6. e3 {[%emt 0:00:00]} Be7 {[%emt 0:01:30]} 7. Rc1 {[%emt 0:00:00]} O-O {[%emt 0:00:30]} 8. Bd3 {[%emt 0:00:00]} dxc4 {[%emt 0:04:30]} 9. Bxc4 {[%emt 0:00:00]} c5 {[%emt 0:07:30]} 10. O-O {[%emt 0:01:30]} b6 {[%emt 0:11:30]} 11. Qe2 {[%emt 0:01:30]} Bb7 {[%emt 0:05:30]} 12. Rfd1 {[%emt 0:01:30]} Nd5 {[%emt 0:10:30]} 13. Bxe7 {[%emt 0:00:30]} Qxe7 {[%emt 0:00:30]} 14. Bxd5 {[%emt 0:03:30]} exd5 {[%emt 0:09:30]} 15. dxc5 {[%emt 0:00:30]} Nxc5 {[%emt 0:01:30]} 16. Nxd5 {[%emt 0:01:30]} Bxd5 {[%emt 0:01:30]} 17. Rxd5 {[%emt 0:00:00]} Rac8 {[%emt 0:06:30]} 18. h3 {[%emt 0:11:00]} h6 {[%emt 0:07:30]} 19. Rdd1 {[%emt 0:01:30]} Qe6 {[%emt 0:04:30]} 20. Nd4 {[%emt 0:09:30]} Qxa2 {[%emt 0:06:08]} 21. Ra1 {[%emt 0:01:30]} Qd5 {[%emt 0:00:37]} 22. Rxa7 {[%emt 0:01:30]} Nb3 {[%emt 0:03:07]} 23. Ra3 {[%emt 0:04:30]} Nxd4 {[%emt 0:01:02]} 24. Rxd4 {[%emt 0:02:30]} Qe5 {[%emt 0:03:51]} 25. f4 {[%emt 0:01:30]} Rc1+ {[%emt 0:02:11]} 26. Kh2 {[%emt 0:02:30]} Qc5 {[%emt 0:00:43]} 27. Rad3 {[%emt 0:01:30]} Qa5 {[%emt 0:07:49]} 28. b4 {[%emt 0:01:30]} Qa1 {[%emt 0:01:39]} 29. Rd1 {[%emt 0:00:30]} Rxd1 {[%emt 0:00:52]} 30. Qxd1 {[%emt 0:00:30]} Qc3 {[%emt 0:00:52]} 31. Qd2 {[%emt 0:00:30]} Qc7 {[%emt 0:00:27]} 32. Rd7 {[%emt 0:02:30]} Qc6 {[%emt 0:00:20]} 33. Qd6 {[%emt 0:01:30]} Qxd6 {[%emt 0:00:54]} 34. Rxd6 {[%emt 0:00:30]} Rb8 {[%emt 0:00:00]} 35. Kg3 {[%emt 0:00:30]} b5 {[%emt 0:00:56]} 36. Kf3 {[%emt 0:00:30]} Kh7 {[%emt 0:00:27]} 37. Ke4 {[%emt 0:01:30]} f6 {[%emt 0:00:30]} 38. Kd5 {[%emt 0:03:30]} Kg6 {[%emt 0:00:31]} 39. e4 {[%emt 0:00:30]} Kf7 {[%emt 0:00:31]} 40. Rd7+ {[%emt 0:00:30]} Kg8 {[%emt 0:00:30]} 41. e5 {[%emt 0:00:30]} fxe5 {[%emt 0:00:38]} 42. fxe5 {[%emt 0:00:30]} g5 {[%emt 0:00:30]} 43. e6 {[%emt 0:00:30]} h5 {[%emt 0:00:21]} 44. e7 {[%emt 0:04:30]} Re8 {[%emt 0:00:07]} 45. Rd8 {[%emt 0:00:30]} Kf7 {[%emt 0:00:01]} 46. Rxe8 {[%emt 0:00:30]} Kxe8 {[%emt 0:00:01]} 47. Kd6 {[%emt 0:00:30]} h4 {[%emt 0:01:30]} 48. Kc6 {[%emt 0:00:00]} Kxe7 {[%emt 0:00:12]} 49. Kxb5 {[%emt 0:00:00]} Kf6 {[%emt 0:01:02]} 50. Kc6 {[%emt 0:00:30]} Kf5 {[%emt 0:00:00]} 51. b5 {[%emt 0:00:00]} Kf4 {[%emt 0:01:34]} 52. b6 {[%emt 0:00:00]} Kg3 {[%emt 0:00:07]} 53. b7 {[%emt 0:00:00]} Kxg2 {[%emt 0:00:00]} 54. b8=Q {[%emt 0:00:00]} Kxh3 {[%emt 0:00:00]} 55. Kd5 {[%emt 0:00:30]} Kg2 {[%emt 0:01:27]} 56. Ke4 {[%emt 0:00:00]} h3 {[%emt 0:00:24]} 57. Qb2+ {[%emt 0:00:00]} Kg3 {[%emt 0:00:11]} 58. Qe5+ {[%emt 0:00:30]} Kg2 {[%emt 0:00:56]} 59. Qxg5+ {[%emt 0:00:30]} Kh1 {[%emt 0:00:31]} 60. Kf3 {[%emt 0:00:30]} Kh2 {[%emt 0:00:25]} 61. Ke4 {[%emt 0:00:30]} 1-0

[Event "25th Troya Open 2017"]
[Site "Canakkale"]
[Date "2017.08.09"]
[Round "4.10"]
[White "Zaimov, Berk"]
[Black "Bayindir, Kuzey"]
[Result "1-0"]
[WhiteElo "1544"]
[BlackElo "1669"]
[Annotator "NA RC"]
[PlyCount "77"]
[EventCountry "TUR"]
[SourceTitle "playchess.com"]
[Source "ChessBase"]
[SourceQuality "1"]
[TimeControl "5400+30"]

1. e4 {[%emt 0:00:30]} e6 {[%emt 0:01:00]} 2. d4 {[%emt 0:00:30]} d5 {[%emt 0:00:30]} 3. Nc3 {[%emt 0:00:30]} dxe4 {[%emt 0:00:30]} 4. Nxe4 {[%emt 0:00:30]} Nd7 {[%emt 0:00:30]} 5. Nf3 {[%emt 0:00:30]} Ngf6 {[%emt 0:00:30]} 6. Bg5 {[%emt 0:00:00]} Be7 {[%emt 0:00:30]} 7. Nxf6+ {[%emt 0:01:00]} Nxf6 {[%emt 0:00:30]} 8. Bd3 {[%emt 0:00:30]} b6 {[%emt 0:00:30]} 9. Bxf6 {[%emt 0:00:30]} Bxf6 {[%emt 0:00:00]} 10. Be4 {[%emt 0:00:30]} Rb8 {[%emt 0:00:00]} 11. Qd3 {[%emt 0:03:30]} c5 {[%emt 0:04:30]} 12. Rd1 {[%emt 0:09:30]} cxd4 {[%emt 0:03:30]} 13. Nxd4 {[%emt 0:00:00]} Qxd4 {[%emt 0:00:30]} 14. Bc6+ {[%emt 0:03:00]} Bd7 {[%emt 0:00:00]} 15. Bxd7+ {[%emt 0:01:30]} Kxd7 {[%emt 0:00:00]} 16. Qb5+ {[%emt 0:00:00]} Ke7 {[%emt 0:00:30]} 17. Rxd4 {[%emt 0:00:00]} Bxd4 {[%emt 0:00:00]} 18. Qa4 {[%emt 0:05:30]} Rbd8 {[%emt 0:06:00]} 19. Qxa7+ {[%emt 0:04:30]} Rd7 {[%emt 0:00:30]} 20. Qa3+ {[%emt 0:00:00]} Bc5 {[%emt 0:00:30]} 21. b4 {[%emt 0:00:00]} Bd6 {[%emt 0:00:00]} 22. O-O {[%emt 0:00:00]} b5 {[%emt 0:00:00]} 23. Qb3 {[%emt 0:01:00]} Rc8 {[%emt 0:00:30]} 24. g3 {[%emt 0:00:30]} Rdc7 {[%emt 0:00:30]} 25. Qd3 {[%emt 0:00:30]} Rxc2 {[%emt 0:01:30]} 26. Qxb5 {[%emt 0:07:30]} Rxa2 {[%emt 0:00:30]} 27. Rd1 {[%emt 0:00:30]} h6 {[%emt 0:02:30]} 28. Qb6 {[%emt 0:02:30]} Rd8 {[%emt 0:01:30]} 29. Qc6 {[%emt 0:01:30]} Raa8 {[%emt 0:05:30]} 30. Kg2 {[%emt 0:00:30]} Rac8 {[%emt 0:01:30]} 31. Qa6 {[%emt 0:06:30]} Ra8 {[%emt 0:06:30]} 32. Qb7+ {[%emt 0:00:00]} Ke8 {[%emt 0:03:30]} 33. Rxd6 {[%emt 0:00:00]} Rxd6 {[%emt 0:00:30]} 34. Qxa8+ {[%emt 0:00:30]} Rd8 {[%emt 0:00:00]} 35. Qc6+ {[%emt 0:00:00]} Ke7 {[%emt 0:00:00]} 36. b5 {[%emt 0:00:00]} Rd6 {[%emt 0:00:30]} 37. Qc5 {[%emt 0:00:30]} Kd7 {[%emt 0:00:00]} 38. Qa7+ {[%emt 0:00:00]} Ke8 {[%emt 0:00:00]} 39. b6 {[%emt 0:00:00]} 1-0

[Event "25th Troya Open 2017"]
[Site "Canakkale"]
[Date "2017.08.09"]
[Round "4.11"]
[White "Demirtas, Hafize"]
[Black "Altin, Halis"]
[Result "1-0"]
[WhiteElo "1708"]
[BlackElo "1598"]
[Annotator "NA RC"]
[PlyCount "63"]
[EventCountry "TUR"]
[SourceTitle "playchess.com"]
[Source "ChessBase"]
[SourceQuality "1"]
[TimeControl "5400+30"]

1. d4 {[%emt 0:00:30]} Nf6 {[%emt 0:01:00]} 2. c4 {[%emt 0:00:30]} e6 {[%emt 0:00:30]} 3. a3 {[%emt 0:00:30]} d5 {[%emt 0:00:30]} 4. Nc3 {[%emt 0:00:30]} Nbd7 {[%emt 0:02:30]} 5. e3 {[%emt 0:00:30]} Be7 {[%emt 0:00:30]} 6. Nf3 {[%emt 0:03:30]} O-O {[%emt 0:01:30]} 7. b3 {[%emt 0:01:30]} b6 {[%emt 0:02:30]} 8. Bb2 {[%emt 0:01:30]} Bb7 {[%emt 0:00:30]} 9. Bd3 {[%emt 0:00:30]} Re8 {[%emt 0:05:30]} 10. O-O {[%emt 0:01:30]} Nf8 {[%emt 0:01:30]} 11. Ne5 {[%emt 0:00:30]} N6d7 {[%emt 0:00:30]} 12. f4 {[%emt 0:03:30]} Nxe5 {[%emt 0:01:30]} 13. fxe5 {[%emt 0:00:30]} f6 {[%emt 0:02:30]} 14. cxd5 {[%emt 0:05:30]} exd5 {[%emt 0:06:30]} 15. Qh5 {[%emt 0:14:30]} Bc8 {[%emt 0:06:30]} 16. Nxd5 {[%emt 0:04:30]} g6 {[%emt 0:11:30]} 17. Qf3 {[%emt 0:05:30]} Be6 {[%emt 0:01:30]} 18. Nxe7+ {[%emt 0:02:30]} Rxe7 {[%emt 0:00:30]} 19. exf6 {[%emt 0:00:30]} Rf7 {[%emt 0:00:30]} 20. Bc4 {[%emt 0:05:30]} Rc8 {[%emt 0:04:30]} 21. d5 {[%emt 0:01:30]} Bd7 {[%emt 0:01:30]} 22. a4 {[%emt 0:00:30]} c6 {[%emt 0:05:30]} 23. dxc6 {[%emt 0:01:30]} Be6 {[%emt 0:00:00]} 24. Ba6 {[%emt 0:02:30]} Rcc7 {[%emt 0:01:00]} 25. Be5 {[%emt 0:01:30]} Bxb3 {[%emt 0:00:30]} 26. Bxc7 {[%emt 0:00:30]} Qxc7 {[%emt 0:00:30]} 27. e4 {[%emt 0:00:30]} Be6 {[%emt 0:00:30]} 28. Rac1 {[%emt 0:00:30]} Bc8 {[%emt 0:00:30]} 29. Bxc8 {[%emt 0:01:30]} Qxc8 {[%emt 0:00:30]} 30. Rfd1 {[%emt 0:01:30]} Ne6 {[%emt 0:00:30]} 31. Rd6 {[%emt 0:00:30]} Nc5 {[%emt 0:00:30]} 32. Rcd1 {[%emt 0:00:30]} 1-0

[Event "25th Troya Open 2017"]
[Site "Canakkale"]
[Date "2017.08.09"]
[Round "4.12"]
[White "Gurel, Ediz"]
[Black "Istekli, Erdem"]
[Result "1/2-1/2"]
[WhiteElo "1586"]
[BlackElo "1696"]
[Annotator "NA RC"]
[PlyCount "48"]
[EventCountry "TUR"]
[SourceTitle "playchess.com"]
[Source "ChessBase"]
[SourceQuality "1"]
[TimeControl "5400+30"]

1. e4 {[%emt 0:00:30]} c5 {[%emt 0:01:00]} 2. Nf3 {[%emt 0:00:30]} Nc6 {[%emt 0:00:30]} 3. c3 {[%emt 0:00:30]} d5 {[%emt 0:00:30]} 4. exd5 {[%emt 0:00:30]} Qxd5 {[%emt 0:00:00]} 5. d4 {[%emt 0:01:30]} Nf6 {[%emt 0:03:00]} 6. Be2 {[%emt 0:01:30]} cxd4 {[%emt 0:02:30]} 7. cxd4 {[%emt 0:00:30]} e6 {[%emt 0:00:00]} 8. Nc3 {[%emt 0:03:30]} Qd6 {[%emt 0:00:00]} 9. O-O {[%emt 0:00:30]} Be7 {[%emt 0:00:30]} 10. h3 {[%emt 0:04:30]} O-O {[%emt 0:01:30]} 11. Be3 {[%emt 0:05:30]} b6 {[%emt 0:08:30]} 12. Rc1 {[%emt 0:16:30]} Bb7 {[%emt 0:01:30]} 13. a3 {[%emt 0:00:30]} Rac8 {[%emt 0:17:30]} 14. Qa4 {[%emt 0:05:30]} Rfd8 {[%emt 0:06:30]} 15. Rfd1 {[%emt 0:01:30]} Qb8 {[%emt 0:16:30]} 16. Ba6 {[%emt 0:03:30]} Bxa6 {[%emt 0:11:30]} 17. Qxa6 {[%emt 0:00:30]} g6 {[%emt 0:11:47]} 18. b4 {[%emt 0:02:30]} Bf8 {[%emt 0:05:53]} 19. Ne2 {[%emt 0:01:30]} Nd5 {[%emt 0:00:21]} 20. Bg5 {[%emt 0:00:30]} Be7 {[%emt 0:00:32]} 21. Bxe7 {[%emt 0:00:30]} Ncxe7 {[%emt 0:02:03]} 22. Qa4 {[%emt 0:03:30]} Qb7 {[%emt 0:02:51]} 23. Qb3 {[%emt 0:03:30]} Rxc1 {[%emt 0:01:48]} 24. Rxc1 {[%emt 0:00:30]} Rc8 {[%emt 0:00:00]} 1/2-1/2

[Event "25th Troya Open 2017"]
[Site "Canakkale"]
[Date "2017.08.11"]
[Round "7.1"]
[White "Aliyev, Elnur"]
[Black "Rasulov, Vugar"]
[Result "1/2-1/2"]
[WhiteElo "2150"]
[BlackElo "2509"]
[Annotator "TA"]
[PlyCount "64"]
[EventCountry "TUR"]
[SourceTitle "playchess.com"]
[Source "ChessBase"]
[SourceQuality "1"]

{[%evp 17,64,14,31,0,5,11,11,-7,-16,-7,-7,-22,-24,-48,0,-20,-22,-66,-69,-72,-66,-79,-47,-56,-38,-39,-22,-16,-22,-24,-15,-6,3,0,0,0,0,0,0,0,10,0,0,0,0,0,16,0,15]} 1. d4 d5 2. c4 c6 3. Nf3 Nf6 4. e3 Bf5 5. Nc3 e6 6. Be2 Nbd7 7. Nh4 Be4 {D12: Slav Defence: 3 Nf3 Nf6 4 e3 Bf5} 8. f3 Bg6 9. g3 Bd6 {LiveBook: 3 Games} (9... Be7 10. O-O O-O 11. Nxg6 hxg6 12. Qb3 Qb6 13. Bd2 dxc4 14. Bxc4 e5 15. d5 {½-½ (31) Xu,Y (2536)-Bu,X (2712) Beijing 2017}) 10. f4 $146 ({Predecessor:} 10. O-O Qc7 11. cxd5 exd5 12. Bd2 O-O 13. Rc1 a6 14. Rf2 Rfe8 15. g4 {1-0 (29) Dao,T (2478)-Kathmale,S (2323) Ho Chi Minh City 2017}) 10... Be4 11. O-O O-O 12. Nf3 Bf5 13. Ne5 Ne4 14. Nxd7 Qxd7 15. Bd3 Rac8 (15... Nf6 {keeps more tension.} 16. b3 Bb4 17. Na4 Rad8 18. Bb2 Rfe8) 16. Bxe4 dxe4 17. b3 Bh3 18. Rf2 f5 19. Bb2 Qf7 (19... h5 $5) 20. Qc1 h5 21. Ba3 Be7 22. Bxe7 Qxe7 23. Rd2 Rf6 24. Nd1 $1 {The position is equal.} Bg4 25. Nf2 c5 26. Nxg4 hxg4 27. Qc3 cxd4 28. Qxd4 Qb4 29. Rad1 (29. Qd7 $5 {[%cal Rd7c8]} Rc6 30. Rad1 $14) 29... a5 30. Qd6 (30. Qd7 $5 {[%cal Rd7c8]} Rc6 31. Kh1 $14) 30... Qc3 31. Qd4 Qb4 32. Qd6 (32. Qd7 $5 {[%cal Rd7c8]} Rc6 33. Kh1 $14) 32... Qc3 {Precision: White = 46%, Black = 48%.} 1/2-1/2

[Event "25th Troya Open 2017"]
[Site "Canakkale"]
[Date "2017.08.11"]
[Round "7.2"]
[White "Savchenko, Boris"]
[Black "Rahmanov, Shahriyar"]
[Result "1-0"]
[WhiteElo "2602"]
[BlackElo "2327"]
[Annotator "TA"]
[PlyCount "103"]
[EventCountry "TUR"]
[SourceTitle "playchess.com"]
[Source "ChessBase"]
[SourceQuality "1"]

{[%evp 22,103,27,27,25,43,46,37,62,51,50,41,45,40,37,46,43,50,64,31,9,0,0,0,0,0,0,0,3,3,52,37,50,0,53,52,45,44,53,53,74,63,108,109,151,150,152,135,316,321,311,297,289,332,308,295,569,570,610,574,671,683,668,668,668,541,518,493,906,863,1569,1036,29974,29975,29978,29979,29979,29980,29980,29981,29986,29987,29992,29993]} 1. e4 d5 2. exd5 Nf6 3. d4 Bg4 4. Bb5+ Nbd7 5. f3 Bf5 6. c4 e6 7. dxe6 Bxe6 8. d5 Bf5 9. Nc3 Bc5 {B01: Scandinavian Defence} 10. Qe2+ Qe7 11. Bf4 O-O-O 12. O-O-O {LiveBook: 3 Games} Rhe8 13. Qxe7 Rxe7 14. Bxd7+ Nxd7 {[%cal Bf6d7,Bd7e5,Be5d3][%mdl 32]} 15. Nge2 {[%cal Bg1e2,Be2g3,Bg3f5][%mdl 32]} Ne5 {[#] Hoping for ...Nd3+.} 16. Ng3 Nd3+ 17. Kc2 $1 Nxf4+ 18. Nxf5 Re5 $146 19. g4 g6 20. Nh6 Rf8 $1 21. Rhe1 Rxe1 22. Rxe1 f5 23. gxf5 gxf5 24. Na4 Bb4 25. Re5 $36 {[%mdl 2048] Black is under pressure.} Rf6 26. Ng8 ({Reject} 26. Nxf5 Ng6 $15) 26... Rf8 {Strongly threatening ...Ng6.} 27. Nh6 Rf6 28. Rxf5 ({Of course not} 28. Nxf5 Ng6 $11) 28... Rxh6 29. Rxf4 Rxh2+ $14 {[%mdl 4096] Endgame KRB-KRN} 30. Kb3 Be7 31. Nc3 Bd6 32. Rf5 Bc5 33. Ne4 b6 34. Kc3 a5 $2 (34... Be7 $16 35. a3 h5) 35. Nxc5 $18 bxc5 {KR-KR} 36. Kb3 h5 37. a3 h4 38. Rh5 Kd7 $2 (38... c6 {was necessary.} 39. Rh8+ (39. dxc6 Kc7 $18) 39... Kb7 40. Rh7+ Ka6) 39. Rh7+ Kd6 40. f4 {[%cal Bf3f4,Bf4f5,Bf5f6][%mdl 32]} h3 41. Ka4 Rc2 42. b3 Rc3 43. Rh6+ Ke7 44. f5 Kf7 (44... Rf3 $142 45. Kxa5 Rxb3) 45. f6 Kg8 46. Kb5 Rxb3+ 47. Kc6 {White mates.} Rxa3 48. Kxc7 Rd3 49. d6 {[%cal Bd5d6,Bd6d7][%mdl 32]} a4 50. d7 a3 {[#]} 51. Rxh3 $1 {[%mdl 512]} a2 (51... Rxh3 52. d8=Q+) 52. Rxd3 {Precision: White = 89%, Black = 32%.} 1-0

[Event "25th Troya Open 2017"]
[Site "Canakkale"]
[Date "2017.08.11"]
[Round "7.3"]
[White "Baltaci, Ismail Tarik"]
[Black "Rzayev, Askar Aliakbar"]
[Result "0-1"]
[WhiteElo "1946"]
[BlackElo "2072"]
[Annotator "NA RC"]
[PlyCount "96"]
[EventCountry "TUR"]
[SourceTitle "playchess.com"]
[Source "ChessBase"]
[SourceQuality "1"]
[TimeControl "5400+30"]

{[%evp 8,96,34,33,52,36,33,32767,32767,32767,32767,10,10,1,39,36,45,53,58,53,35,16,100,0,11,-19,0,-18,0,-4,0,0,0,13,13,0,8,0,6,0,20,0,12,1,0,-18,-19,32767,32767,32767,32767,-43,-24,-30,0,-33,-18,-25,-26,-29,-19,-35,-57,-124,-133,-241,-226,32767,32767,32767,32767,-276,32767,32767,32767,32767,32767,32767,32767,32767,32767,32767,32767,32767,-559,-597,-425,-541,-560,-561,-344]} 1. e4 {[%emt 0:00:30]} g6 {[%emt 0:05:00]} 2. d4 {[%emt 0:00:30]} Bg7 {[%emt 0:00:30]} 3. Nc3 {[%emt 0:00:30]} c6 {[%emt 0:00:00]} 4. Nf3 {[%emt 0:02:30]} d5 {[%emt 0:00:00]} 5. h3 {[%emt 0:00:30]} dxe4 {[%emt 0:02:30]} 6. Nxe4 {[%emt 0:00:30]} Nf6 {[%emt 0:00:30]} 7. Bd3 {[%emt 0:00:30]} Nxe4 {[%emt 0:00:30]} 8. Bxe4 {[%emt 0:00:30]} Nd7 {[%emt 0:00:00]} 9. O-O {[%emt 0:04:30]} O-O {[%emt 0:00:00]} 10. Re1 {[%emt 0:03:30] LiveBook: 37 Games} Re8 {[%emt 0:07:30] B15: Caro-Kann: 3 Nc3: 3...g6 and 3...dxe4 4 Nxe4 Nf6 5 Nxf6+ exf6} 11. c3 {[%emt 0:12:30]} Qc7 {[%emt 0:04:30]} 12. Bg5 {[%emt 0:12:30]} Nf6 {[%emt 0:02:30]} 13. Bd3 {[%emt 0:00:30]} c5 {[%emt 0:19:30]} 14. Bc4 $146 {[%emt 0:05:30]} ({Predecessor:} 14. Bb5 Rf8 15. Qe2 a6 16. Bc4 cxd4 17. cxd4 e6 18. Rac1 Qb6 19. Qd2 {0-1 (40) Matulovic,M (2485)-Nikolic,Z (2445) Cuprija 1986}) 14... cxd4 {[%emt 0:06:30]} (14... e6 $11) 15. Qb3 {[%emt 0:00:30]} ({White should play} 15. Qxd4 $16 Bf5 16. Qh4) 15... e6 {[%emt 0:00:30]} 16. Nxd4 {[%emt 0:01:30]} a6 {[%emt 0:01:30]} 17. a4 {[%emt 0:00:30]} Bd7 {[%emt 0:01:30]} 18. Qa2 {[%emt 0:08:30]} Rac8 {[%emt 0:02:30]} (18... h6 $5 {[%cal Rh6g5]} 19. Be3 Rac8 $11) 19. Bb3 {[%emt 0:00:30]} h6 {[%emt 0:00:30]} 20. Be3 {[%emt 0:02:30]} Ne4 {[%emt 0:04:30]} 21. Rad1 {[%emt 0:08:30]} Nc5 {[%emt 0:00:30]} 22. Bc2 {[%emt 0:00:00]} b5 {[%emt 0:03:30]} 23. a5 {[%emt 0:04:00]} Re7 {[%emt 0:12:30]} 24. Nb3 {[%emt 0:05:30]} Na4 {[%emt 0:00:30]} 25. Qa3 {[%emt 0:00:30]} Ree8 {[%emt 0:00:30]} 26. Bb6 {[%emt 0:03:30]} Qb7 $1 {[%emt 0:01:30]} 27. Be4 {[%emt 0:02:30]} Bc6 {[%emt 0:00:00]} 28. Bxc6 {[%emt 0:00:38]} Qxc6 {[%emt 0:00:00]} 29. Be3 {[%emt 0:01:42]} Bf8 {[%emt 0:01:30]} 30. Qa2 {[%emt 0:00:59]} e5 {[%emt 0:00:30]} 31. Nd2 {[%emt 0:02:07]} Qe6 {[%emt 0:01:30]} 32. Qb1 {[%emt 0:01:26]} f5 {[%emt 0:00:30]} 33. Nf3 {[%emt 0:00:23]} Qb3 {[%emt 0:00:30]} 34. Nh4 {[%emt 0:01:22]} Rc6 {[%emt 0:01:30]} 35. Qd3 {[%emt 0:01:28]} ({Better is} 35. Rd2 $15) 35... Nxb2 {[%emt 0:01:30]} 36. Qd7 {[%emt 0:00:09]} (36. Qb1 $142) 36... Qe6 {[%emt 0:00:30]} ({Don't take} 36... Nxd1 37. Qxe8 Re6 38. Qd8 $17) 37. Qxe6+ {[%emt 0:00:55]} Rcxe6 {[%emt 0:00:30]} 38. Rd7 {[%emt 0:00:18]} Nc4 {[%emt 0:00:30]} 39. Bc1 {[%emt 0:02:09]} Nxa5 {[%emt 0:00:30]} 40. Red1 {[%emt 0:00:30]} Nb3 {[%emt 0:00:30]} 41. Bb2 {[%emt 0:00:30]} Nc5 {[%emt 0:00:30]} 42. Rc7 {[%emt 0:00:30]} e4 {[%emt 0:00:30]} 43. c4 {[%emt 0:00:30]} Nd3 {[%emt 0:00:30]} 44. Bc3 {[%emt 0:00:30]} b4 {[%emt 0:00:30]} 45. Bd4 {[%emt 0:00:53]} Rd6 {[%emt 0:08:08]} 46. Ba1 {[%emt 0:01:41]} Be7 {[%emt 0:03:20]} 47. c5 {[%emt 0:00:28]} Re6 {[%emt 0:00:35]} ({Not} 47... Bxh4 48. cxd6 Bxf2+ 49. Kf1 $15) 48. g3 {[%emt 0:01:24]} Bf6 $19 {[%emt 0:01:05]} 0-1

[Event "25th Troya Open 2017"]
[Site "Canakkale"]
[Date "2017.08.11"]
[Round "7.4"]
[White "Tarlabasi, Emirhan"]
[Black "Benidze, Davit"]
[Result "0-1"]
[WhiteElo "2036"]
[BlackElo "2476"]
[Annotator "TA"]
[PlyCount "70"]
[EventCountry "TUR"]
[SourceTitle "playchess.com"]
[Source "ChessBase"]
[SourceQuality "1"]

{[%evp 22,70,58,46,61,46,64,19,46,-6,52,-25,-25,-17,-23,-74,-82,-77,-102,-70,-26,-122,-160,-230,-226,-397,-401,-522,-520,-563,-547,-680,-690,-669,-659,-688,-699,-615,-561,-525,-540,-502,-502,-494,-487,-532,-536,-508,-518,-563,-555]} 1. d4 Nf6 2. c4 c5 3. d5 e6 4. Nc3 exd5 5. cxd5 d6 6. e4 g6 7. f4 Bg7 8. Bb5+ Nfd7 9. Bd3 Qh4+ 10. g3 Qe7 {A67: Modern Benoni: Taimanov Variation} (10... Qd8 11. Nf3 O-O 12. O-O Nf6 13. Qb3 Na6 14. e5 Nd7 15. e6 Nb6 16. f5 c4 17. Bxc4 Nc5 18. Qb4 gxf5 {1-0 (56) Cheparinov,I (2685)-Pantsulaia,L (2613) Gjakova 2016}) 11. Nf3 O-O 12. O-O {LiveBook: 12 Games} Na6 {White is slightly better.} 13. Re1 Re8 14. Bb5 $146 ({Predecessor:} 14. Bf1 Qf8 15. Bd3 Nb6 16. Kg2 Bg4 17. h3 Bxf3+ 18. Kxf3 {0-1 (38) Shen,A (2331)-Sevian,S (2442) Saint Louis 2014}) 14... Nc7 {[#] Strongly threatening ...Bxc3.} 15. e5 (15. Bf1 $14) 15... Qf8 (15... Qd8 $11) 16. Be3 (16. Qb3 $14) 16... dxe5 $11 17. Bxd7 Bxd7 18. Ne4 (18. Nxe5 $11 {remains equal.} Bxe5 19. fxe5 Rxe5 20. Bf4 Rxe1+ 21. Qxe1) 18... b6 $17 {Threatens to win with ...Bf5.} 19. fxe5 Bg4 {...Rxe5 is the strong threat.} 20. d6 Ne6 {[%cal Bc7e6,Be6d4,Bd4f3][%mdl 32]} 21. Bh6 (21. Nf2 $11 Bxf3 22. Qxf3) 21... Nd4 $1 {[%cal Rd4f3]} ({Don't play} 21... Bxf3 $6 22. Bxg7 Bxd1 23. Bxf8 $11) 22. Nf6+ (22. Bxg7 $17 Qxg7 23. Neg5) 22... Bxf6 $1 $19 23. Bxf8 $2 {[#]} (23. Nxd4 Bxd1 24. Bxf8 Bxe5 25. Rexd1 Bxd4+ 26. Rxd4 cxd4 27. Be7) 23... Nxf3+ 24. Kf2 Nxe5 {Black is clearly winning.} ({Weaker is} 24... Kxf8 25. exf6 Rxe1 26. Qd5 $14) 25. Qd5 {White wants to play Be7.} Kxf8 26. d7 Nxd7 27. Qd6+ Kg7 28. Rxe8 Rxe8 29. Re1 Bd4+ 30. Qxd4+ cxd4 31. Rxe8 Nc5 32. Rd8 Nd3+ 33. Kf1 Nxb2 34. Rxd4 Be6 35. Ke1 a5 {Precision: White = 40%, Black = 78%.} 0-1